000
00312nam a2200121Ia 4500
008
190216s9999||||xx |||||||||||||| ||und||
100
_a
Williams W E
245
0
_a
Fourier Series And Boundary Value Problems
260
_b
George Allel And Unwin Ltd
_c
1973
300
_a
86p
650
_a
Mathematics
942
_c
BK
999
_c
30836
_d
30836